Central Library OPAC University of Rajshahi

Geography and politics in a world divided / (Record no. 23405)

MARC details
000 -LEADER
fixed length control field 00718cam a22002531 4500
001 - CONTROL NUMBER
control field 23405
003 - CONTROL NUMBER IDENTIFIER
rucl marc code BD-RjUL
005 - DATE AND TIME OF LATEST TRANSACTION
control field 20211209000927.0
008 - FIXED-LENGTH DATA ELEMENTS--GENERAL INFORMATION
fixed length control field 140310s1963 nyua b 001 0 eng
035 ## - SYSTEM CONTROL NUMBER
System control number (BD-RjUL)23470
System control number (OCoLC)494068
040 ## - CATALOGING SOURCE
Original cataloging agency DLC
Transcribing agency ODaWU
Modifying agency OCoLC
-- DLC
-- BD-RjUL
Language of cataloging eng
041 ## - LANGUAGE CODE
Language code of text/sound track or separate title eng
082 ## - DEWEY DECIMAL CLASSIFICATION NUMBER
Classification number 320.12
Author mark and year COG
100 1# - MAIN ENTRY--PERSONAL NAME
Personal name Cohen, Saul Bernard.
9 (RLIN) 72095
245 10 - TITLE STATEMENT
Title Geography and politics in a world divided /
Statement of responsibility, etc. Saul Bernard, Cohen
260 ## - PUBLICATION, DISTRIBUTION, ETC. (IMPRINT)
Place of publication, distribution, etc. New York :
Name of publisher, distributor, etc. Random House,
Date of publication, distribution, etc. 1963.
300 ## - PHYSICAL DESCRIPTION
Pagination 347 p. :
Illustrations illus. ;
Size 22 cm.
504 ## - BIBLIOGRAPHY, ETC. NOTE
Bibliography, etc Includes bibliography and index.
650 #0 - SUBJECT ADDED ENTRY--TOPICAL TERM
Topical term or geographic name as entry element Geopolitics.
9 (RLIN) 72096
942 ## - ADDED ENTRY ELEMENTS (KOHA)
Source of classification or shelving scheme Dewey Decimal Classification
Koha item type Books
Holdings
Lost status Source of classification or shelving scheme Damaged status Not for loan Collection code Permanent Location Current Location Shelving location Date acquired Source of acquisition Cost, normal purchase price Total Checkouts Full call number Date last seen Copy number Koha item type
  Dewey Decimal Classification   Added to bundle Non-fiction Central Library, University of Rajshahi Central Library, University of Rajshahi Reading Room 06/07/1966 Asia Foundation 0.00   320.12 COG 1963 10/03/2014 C-1 Books
  Dewey Decimal Classification     Non-fiction Central Library, University of Rajshahi Central Library, University of Rajshahi   28/08/1968 Zeitlinger 30.00   320.12 COG 1964 12/06/2014 C-2 Books
  Dewey Decimal Classification     Non-fiction Central Library, University of Rajshahi Central Library, University of Rajshahi   28/08/1968 Zeitlinger 30.00   320.12 COG 1964 15/06/2014 C-4 Books
  Dewey Decimal Classification     Non-fiction Central Library, University of Rajshahi Central Library, University of Rajshahi   28/08/1968 Zeitlinger 30.00   320.12 COG 1964 15/06/2014 C-5 Books
  Dewey Decimal Classification     Non-fiction Central Library, University of Rajshahi Central Library, University of Rajshahi   28/08/1968 Zeitlinger 30.00   320.12 COG 1964 15/06/2014 C-6 Books
  Dewey Decimal Classification     Non-fiction Central Library, University of Rajshahi Central Library, University of Rajshahi   28/08/1968 Zeitlinger 30.00   320.12 COG 1964 15/06/2014 C-7 Books